Teleview διμηνιαία έκδοση για συστήματα τηλεπικοινωνιών & πληροφορικής.
Αποθηκεύτηκε σε:
| Μορφή: | Περιοδική έκδοση |
|---|---|
| Γλώσσα: | Greek |
| Δημοσίευση: |
Αθήνα :
Τζαβάρας, Ι.,
1989-
|
| Θέματα: | |
| Ετικέτες: |
Προσθήκη ετικέτας
Δεν υπάρχουν, Καταχωρήστε ετικέτα πρώτοι!
|
MARC
| LEADER | 00000nas a2200000 i 4500 | ||
|---|---|---|---|
| 001 | 1/62349 | ||
| 008 | 041008u1989 gr gre | ||
| 035 | |l 10074635 | ||
| 040 | |a GR-MY-UA |b gre |e aacr | ||
| 041 | 0 | |a gre | |
| 082 | 0 | |a 384 | |
| 245 | 1 | 0 | |a Teleview |h [περιοδικό] : |b διμηνιαία έκδοση για συστήματα τηλεπικοινωνιών & πληροφορικής. |
| 260 | |a Αθήνα : |b Τζαβάρας, Ι., |c 1989- | ||
| 300 | |a τ. : |b εικ. ; |c 30 εκ. | ||
| 310 | |a Τρία τεύχη το χρόνο, 1989-1992 ; Δύο τεύχη το χρόνο, 1993 | ||
| 650 | 0 | 0 | |a Telecommunication |x Periodicals. |
| 650 | 0 | 0 | |a Computer science |x Periodicals. |
| 853 | |a INST |b CHIOS |c SER |h 384 | ||
| 901 | |a BIBL2-2004-3 | ||
| 920 | |a ΔΩΡΕΑ ΒΙΒΛΙΟΘΗΚΗΣ |y ΧΙΟΣ |z 1990-01 | ||
| 970 | |a ΣΠΕΝΤΖΑ |b ΕΛΕΝΗ |z 2004/10/08 | ||